| 000 | 00755nam a22001577a 4500 | ||
|---|---|---|---|
| 003 | OSt | ||
| 005 | 20150917163309.0 | ||
| 008 | 150917b xxu||||| |||| 00| 0 eng d | ||
| 040 | _cRUA | ||
| 082 | _aAGR PHU 2001 B026 Or.1 | ||
| 100 |
_9707 _aPHUONG, DARA. |
||
| 245 | _aA study of impact of imp farmer field school on farmer learning and rice production in kandal province ការសិក្សាអំពីឥទ្ធិពលរបស់សាលារៀនស្រែកសិករទៅលើការបណ្តុះបណ្តាលកសិករ និងទិន្នផលដំណាំស្រូវនៅខេត្តកណ្តាល | ||
| 260 |
_aPhnom Penh _bRUA _c2001 |
||
| 300 |
_a36p. _bill. _c29cm. |
||
| 942 |
_2ddc _cAGR |
||
| 999 |
_c679 _d679 |
||